<?xml version="1.0" encoding="UTF-8"?>
<record
    xmlns:xsi="http://www.w3.org/2001/XMLSchema-instance"
    xsi:schemaLocation="http://www.loc.gov/MARC21/slim http://www.loc.gov/standards/marcxml/schema/MARC21slim.xsd"
    xmlns="http://www.loc.gov/MARC21/slim">

  <leader>01387nem0a2200289   4500</leader>
  <controlfield tag="001">RU\NLR\BIBL_A\022672618</controlfield>
  <controlfield tag="005">20260409065143.0</controlfield>
  <datafield tag="035" ind1=" " ind2=" ">
    <subfield code="a">(NLR Aleph) 022672618</subfield>
  </datafield>
  <datafield tag="090" ind1=" " ind2=" ">
    <subfield code="a">13470965</subfield>
    <subfield code="c">13470965</subfield>
  </datafield>
  <datafield tag="100" ind1=" " ind2=" ">
    <subfield code="a">20251125d1923    m  y0rusy50      ca</subfield>
  </datafield>
  <datafield tag="101" ind1="0" ind2=" ">
    <subfield code="a">rus</subfield>
  </datafield>
  <datafield tag="102" ind1=" " ind2=" ">
    <subfield code="a">RU</subfield>
  </datafield>
  <datafield tag="120" ind1=" " ind2=" ">
    <subfield code="a">byy    xx||  </subfield>
  </datafield>
  <datafield tag="123" ind1="1" ind2=" ">
    <subfield code="a">&#x430;</subfield>
    <subfield code="b">400000</subfield>
  </datafield>
  <datafield tag="200" ind1="1" ind2=" ">
    <subfield code="a">&#x41A;&#x430;&#x440;&#x442;&#x430; (&#x441;&#x445;&#x435;&#x43C;&#x430;&#x442;&#x438;&#x447;&#x435;&#x441;&#x43A;&#x430;&#x44F;) &#x425;&#x430;&#x440;&#x44C;&#x43A;&#x43E;&#x432;&#x441;&#x43A;&#x43E;&#x439; &#x433;&#x443;&#x431;.</subfield>
    <subfield code="b">&#x41A;&#x430;&#x440;&#x442;&#x44B;</subfield>
    <subfield code="e">&#x410;&#x434;&#x43C;. - &#x442;&#x435;&#x440;&#x440;&#x438;&#x442;&#x43E;&#x440;. &#x434;&#x435;&#x43B;&#x435;&#x43D;&#x438;&#x435; &#x443;&#x442;&#x432;&#x435;&#x440;&#x436;&#x434;&#x435;&#x43D;&#x43D;&#x43E;&#x435; &#x412;&#x423;&#x426;&#x418;&#x41A;&#x43E;&#x43C; 9-&#x433;&#x43E; &#x43C;&#x430;&#x440;&#x442;&#x430; 1923-&#x433;&#x43E; &#x433;&#x43E;&#x434;&#x430;</subfield>
    <subfield code="f">&#x427;&#x435;&#x440;&#x442;. &#x418;. &#x41C;&#x430;&#x43B;&#x435;&#x432;&#x430;&#x43D;&#x44B;&#x439;</subfield>
  </datafield>
  <datafield tag="206" ind1=" " ind2=" ">
    <subfield code="a">[1:420 000, 10 &#x432;&#x435;&#x440;&#x441;&#x442; &#x432; 1 &#x434;&#x44E;&#x439;&#x43C;&#x435; (&#x43E;&#x43A;. 4 &#x43A;&#x43C; &#x432; 1 &#x441;&#x43C;)]; &#x433;&#x440;&#x430;&#x444;. &#x43C;-&#x431; &#x432; &#x432;&#x435;&#x440;&#x441;&#x442;&#x430;&#x445;?</subfield>
  </datafield>
  <datafield tag="210" ind1=" " ind2=" ">
    <subfield code="a">&#x411;. &#x43C;.</subfield>
    <subfield code="d">1923</subfield>
    <subfield code="e">&#x425;&#x430;&#x440;&#x44C;&#x43A;&#x43E;&#x432;</subfield>
    <subfield code="g">1-&#x44F; &#x433;&#x43E;&#x441;. &#x43B;&#x438;&#x442;&#x43E;&#x433;&#x440;&#x430;&#x444;&#x438;&#x44F;</subfield>
  </datafield>
  <datafield tag="215" ind1=" " ind2=" ">
    <subfield code="a">1 &#x43A;.</subfield>
    <subfield code="c">1 &#x446;&#x432;.</subfield>
    <subfield code="d">72&#x445;107 &#x441;&#x43C;</subfield>
  </datafield>
  <datafield tag="509" ind1="0" ind2="1">
    <subfield code="7">ca</subfield>
    <subfield code="a">&#x425;&#x430;&#x440;&#x44C;&#x43A;&#x43E;&#x432;&#x441;&#x43A;&#x430;&#x44F;</subfield>
    <subfield code="h">&#x433;&#x443;&#x431;&#x435;&#x440;&#x43D;&#x438;&#x44F;</subfield>
    <subfield code="9">2634855</subfield>
    <subfield code="3">RU\NLR\auth_crt\551686</subfield>
  </datafield>
  <datafield tag="607" ind1=" " ind2=" ">
    <subfield code="a">&#x425;&#x430;&#x440;&#x44C;&#x43A;&#x43E;&#x432;&#x441;&#x43A;&#x430;&#x44F; &#x433;&#x443;&#x431;&#x435;&#x440;&#x43D;&#x438;&#x44F;</subfield>
    <subfield code="j">&#x41A;&#x430;&#x440;&#x442;&#x44B;</subfield>
    <subfield code="x">&#x412;&#x43E;&#x435;&#x43D;&#x43D;&#x43E;-&#x441;&#x442;&#x430;&#x442;&#x438;&#x441;&#x442;&#x438;&#x447;&#x435;&#x441;&#x43A;&#x438;&#x439; &#x430;&#x43D;&#x430;&#x43B;&#x438;&#x437;</subfield>
    <subfield code="9">2539731</subfield>
    <subfield code="3">RU\NLR\AUTH\661503680</subfield>
  </datafield>
  <datafield tag="608" ind1=" " ind2=" ">
    <subfield code="a">&#x410;&#x434;&#x43C;&#x438;&#x43D;&#x438;&#x441;&#x442;&#x440;&#x430;&#x442;&#x438;&#x432;&#x43D;&#x44B;&#x435; &#x43A;&#x430;&#x440;&#x442;&#x44B;</subfield>
    <subfield code="3">RU\NLR\AUTH\667834</subfield>
    <subfield code="9">901648</subfield>
  </datafield>
  <datafield tag="608" ind1=" " ind2=" ">
    <subfield code="a">&#x411;&#x43B;&#x430;&#x43D;&#x43A;&#x43E;&#x432;&#x44B;&#x435; &#x43A;&#x430;&#x440;&#x442;&#x44B;</subfield>
    <subfield code="9">2341115</subfield>
    <subfield code="3">RU\NLR\AUTH\6601622864</subfield>
  </datafield>
  <datafield tag="702" ind1=" " ind2="1">
    <subfield code="a">&#x41C;&#x430;&#x43B;&#x435;&#x432;&#x430;&#x43D;&#x44B;&#x439;</subfield>
    <subfield code="b">&#x418;.</subfield>
    <subfield code="4">180</subfield>
  </datafield>
  <datafield tag="852" ind1=" " ind2=" ">
    <subfield code="a">NLR</subfield>
    <subfield code="b">&#x41A;</subfield>
    <subfield code="j">4-&#x423;&#x43A;&#x440; 4/178</subfield>
    <subfield code="m">7916</subfield>
  </datafield>
  <datafield tag="942" ind1=" " ind2=" ">
    <subfield code="c">MAP</subfield>
  </datafield>
  <datafield tag="980" ind1=" " ind2=" ">
    <subfield code="a">NB</subfield>
  </datafield>
</record>
